[Event "ITA-ch U20"]
[Site "Perugia"]
[Date "2016.07.19"]
[Round "?"]
[White "Baiocchi, Emanuele"]
[Black "Di Benedetto, Edoardo"]
[Result "1/2-1/2"]
[WhiteElo "2146"]
[BlackElo "2294"]
[PlyCount "27"]
[EventDate "2016.07.18"]
[EventType "swiss"]
[EventRounds "8"]
[EventCountry "ITA"]
[SourceTitle "EXT 2024"]
[Source "ChessBase"]
[SourceDate "2023.10.10"]
[SourceVersion "1"]
[SourceVersionDate "2023.10.10"]
[SourceQuality "1"]

1. e4 e6 2. d4 d5 3. Nc3 Nf6 4. e5 Nfd7 5. Nce2 c5 6. c3 b6 7. f4 Be7 8. Nf3 a5 9. g3 g6 10. Bh3 Ba6 11. Be3 Nc6 12. a3 Bxe2 13. Kxe2 c4 14. g4 1/2-1/2

[Event "Porto San Giorgio op 26th"]
[Site "Porto San Giorgio"]
[Date "2015.08.27"]
[Round "6"]
[White "Begelman, Boris"]
[Black "Baiocchi, Emanuele"]
[Result "1-0"]
[WhiteElo "2125"]
[BlackElo "2011"]
[PlyCount "61"]
[EventDate "2015.08.22"]
[EventType "swiss"]
[EventRounds "9"]
[EventCountry "ITA"]
[SourceTitle "EXT 2016"]
[Source "ChessBase"]
[SourceDate "2015.10.08"]
[SourceVersion "1"]
[SourceVersionDate "2015.10.08"]
[SourceQuality "1"]

1. d4 e6 2. Nf3 d5 3. c4 c6 4. e3 f5 5. Bd3 Bd6 6. 0-0 Nf6 7. b3 Qe7 8. a4 a5 9. Ba3 Na6 10. Bxd6 Qxd6 11. c5 Qc7 12. Bxa6 bxa6 13. Ne5 0-0 14. Nc3 Bd7 15. Ne2 g5 16. Nc1 Be8 17. f4 g4 18. Ncd3 Rb8 19. Rb1 Ne4 20. Qc2 Rb4 21. Nf2 h5 22. Ned3 Bd7 23. Nxe4 fxe4 24. Nxb4 axb4 25. Qf2 a5 26. Qh4 Be8 27. Qg5+ Qg7 28. Qd8 Qa7 29. f5 exf5 30. Qg5+ Qg7 31. Rxf5 1-0

[Event "Paleochora op 8th"]
[Site "Paleochora"]
[Date "2015.07.22"]
[Round "7"]
[White "Baiocchi, Emanuele"]
[Black "Hristodoulou, Panagiotis"]
[Result "1/2-1/2"]
[WhiteElo "2014"]
[BlackElo "2314"]
[PlyCount "89"]
[EventDate "2015.07.17"]
[EventType "swiss"]
[EventRounds "9"]
[EventCountry "GRE"]
[SourceTitle "CBM 167 Extra"]
[Source "ChessBase"]
[SourceDate "2015.09.14"]
[SourceVersion "1"]
[SourceVersionDate "2015.09.14"]
[SourceQuality "1"]

1. e4 Nf6 2. e5 Nd5 3. c4 Nb6 4. d4 d6 5. exd6 cxd6 6. Nc3 g6 7. Be3 Bg7 8. Rc1 0-0 9. b3 e5 10. dxe5 dxe5 11. Qxd8 Rxd8 12. c5 N6d7 13. Bc4 Nc6 14. Nf3 Na5 15. Nd2 Nf8 16. 0-0 Ne6 17. Rfd1 Nd4 18. Bf1 Nac6 19. Nc4 Be6 20. Nd6 Rd7 21. Ncb5 Rad8 22. Nxd4 Nxd4 23. Rd2 h6 24. Bc4 Bxc4 25. Nxc4 Rd5 26. b4 Nf5 27. Rcd1 Nxe3 28. fxe3 Rxd2 29. Rxd2 Rxd2 30. Nxd2 Kf8 31. e4 Ke7 32. Nc4 Kd7 33. Kf2 Kc6 34. a4 b6 35. cxb6 axb6 36. Na3 f5 37. Kf3 Bf8 38. Nc2 h5 39. h3 h4 40. Ke3 Be7 41. Kd3 b5 42. a5 Bf8 43. Ke3 Be7 44. Kd3 Bf8 45. Ke3 1/2-1/2

[Event "Paleochora op 8th"]
[Site "Paleochora"]
[Date "2015.07.18"]
[Round "2"]
[White "Colovic, Aleksandar"]
[Black "Baiocchi, Emanuele"]
[Result "1-0"]
[WhiteElo "2458"]
[BlackElo "2014"]
[PlyCount "45"]
[EventDate "2015.07.17"]
[EventType "swiss"]
[EventRounds "9"]
[EventCountry "GRE"]
[SourceTitle "CBM 167 Extra"]
[Source "ChessBase"]
[SourceDate "2015.09.14"]
[SourceVersion "1"]
[SourceVersionDate "2015.09.14"]
[SourceQuality "1"]

1. e4 e6 2. d4 d5 3. Nd2 Nf6 4. e5 Nfd7 5. Bd3 c5 6. c3 Nc6 7. Ngf3 g6 8. 0-0 Bg7 9. Re1 0-0 10. Nf1 cxd4 11. cxd4 Qb6 12. Bc2 f6 13. exf6 Nxf6 14. Rb1 Nh5 15. Be3 Qc7 16. Rc1 Qd6 17. Ng3 Nf4 18. Qd2 Bd7 19. Kh1 Rf7 20. Nf5 exf5 21. Bxf4 Qb4 22. Bb3 Qxd2 23. Bxd2 1-0

[Event "Trieste op 16th"]
[Site "Trieste"]
[Date "2014.09.03"]
[Round "6"]
[White "Sepehrkhoui, Ardeshir"]
[Black "Baiocchi, Emanuele"]
[Result "1-0"]
[WhiteElo "2134"]
[BlackElo "1870"]
[PlyCount "47"]
[EventDate "2014.08.30"]
[EventType "swiss"]
[EventRounds "9"]
[EventCountry "ITA"]
[SourceTitle "CBM 162 Extra"]
[Source "ChessBase"]
[SourceDate "2014.10.17"]
[SourceVersion "1"]
[SourceVersionDate "2014.10.17"]
[SourceQuality "1"]

1. d4 d5 2. Nf3 Bf5 3. c4 c6 4. Nc3 e6 5. e3 Nf6 6. Qb3 Qb6 7. c5 Qxb3 8. axb3 Nbd7 9. b4 Be7 10. b5 0-0 11. b4 Ne4 12. Nxe4 Bxe4 13. Nd2 Bg6 14. Nb3 Rfc8 15. Be2 e5 16. 0-0 exd4 17. exd4 Bf6 18. Be3 Nb8 19. b6 Bc2 20. Nd2 a6 21. Ra2 Bg6 22. Nb3 Nd7 23. Na5 Rab8 24. Rd1 1-0

[Event "Trieste op 16th"]
[Site "Trieste"]
[Date "2014.08.30"]
[Round "1"]
[White "Baiocchi, Emanuele"]
[Black "Lyell, Mark"]
[Result "0-1"]
[WhiteElo "1870"]
[BlackElo "2202"]
[PlyCount "62"]
[EventDate "2014.08.30"]
[EventType "swiss"]
[EventRounds "9"]
[EventCountry "ITA"]
[SourceTitle "CBM 162 Extra"]
[Source "ChessBase"]
[SourceDate "2014.10.17"]
[SourceVersion "1"]
[SourceVersionDate "2014.10.17"]
[SourceQuality "1"]

1. e4 e5 2. Nf3 Nc6 3. Bc4 Nf6 4. d3 Be7 5. Nc3 d6 6. h3 Na5 7. Bb3 Nxb3 8. axb3 0-0 9. 0-0 Ne8 10. Nh2 f5 11. f4 fxe4 12. dxe4 Nf6 13. Qd3 c6 14. fxe5 dxe5 15. Qc4+ Kh8 16. Be3 Bd7 17. Nf3 b5 18. Qd3 Qc7 19. Ne2 Be6 20. Ng3 Bg8 21. Qc3 b4 22. Qd3 Nd7 23. Qe2 Nc5 24. Ng5 Ne6 25. Qg4 Nf4 26. Bxf4 exf4 27. Nh5 Qe5 28. Nf3 Qxb2 29. Rab1 Qc3 30. e5 g6 31. Qd7 Qc5+ 0-1

[Event "ITA-ch U16"]
[Site "Tarvisio"]
[Date "2014.07.02"]
[Round "5"]
[White "Dobboletta, Alex"]
[Black "Baiocchi, Emanuele"]
[Result "1-0"]
[WhiteElo "2041"]
[BlackElo "1884"]
[PlyCount "123"]
[EventDate "2014.06.29"]
[EventType "swiss"]
[EventRounds "9"]
[EventCountry "ITA"]
[SourceTitle "EXT 2015"]
[Source "ChessBase"]
[SourceDate "2014.11.20"]
[SourceVersion "1"]
[SourceVersionDate "2014.11.20"]
[SourceQuality "1"]

1. Nf3 d5 2. b3 Nc6 3. Bb2 Bg4 4. e3 Qd7 5. Be2 0-0-0 6. c4 e6 7. d4 Bb4+ 8. Bc3 Bxc3+ 9. Nxc3 Nf6 10. c5 Kb8 11. b4 Ne4 12. Qb3 e5 13. b5 Na5 14. Qb4 Bxf3 15. Bxf3 Nxc3 16. Qxc3 Nc4 17. 0-0 h5 18. Rfd1 e4 19. Be2 Qxb5 20. Rab1 Qa5 21. Qb3 b6 22. Bxc4 dxc4 23. Qxc4 Rd7 24. Rb5 Qa3 25. Rb4 Rh6 26. Ra4 Qb2 27. Qa6 c6 28. Ra3 Qc2 29. Rf1 b5 30. Rb3 Rb7 31. Rfb1 Rf6 32. R3b2 Qc4 33. a4 h4 34. Qa5 Kc8 35. axb5 cxb5 36. Rxb5 Rxb5 37. Qxb5 Qxb5 38. Rxb5 Ra6 39. h3 Ra1+ 40. Kh2 Ra2 41. d5 Rxf2 42. Ra5 Rf5 43. d6 g5 44. Rxa7 Rxc5 45. Rxf7 Rd5 46. Rg7 Kd8 47. Kg1 Rd1+ 48. Kf2 Rd2+ 49. Kf1 Rd5 50. Ke2 Ra5 51. Re7 Ra2+ 52. Kf1 Ra1+ 53. Kf2 Ra2+ 54. Kg1 Ra1+ 55. Kh2 Ra5 56. Rxe4 Kd7 57. Rd4 Re5 58. Rd3 Ra5 59. Kg1 Ra1+ 60. Kf2 Rd1 61. Rd4 Ra1 62. Rd3 1-0

[Event "ITA-ch U16"]
[Site "Courmayeur"]
[Date "2013.07.01"]
[Round "2"]
[White "Difronzo, Andrea"]
[Black "Baiocchi, Emanuele"]
[Result "1-0"]
[WhiteElo "1943"]
[BlackElo "1781"]
[PlyCount "81"]
[EventDate "2013.06.30"]
[EventType "swiss"]
[EventRounds "9"]
[EventCountry "ITA"]
[SourceTitle "EXT 2015"]
[Source "ChessBase"]
[SourceDate "2014.11.20"]
[SourceVersion "1"]
[SourceVersionDate "2014.11.20"]
[SourceQuality "1"]

1. e4 Nf6 2. e5 Nd5 3. c4 Nb6 4. b3 d6 5. exd6 cxd6 6. Bb2 Nc6 7. d4 e6 8. Nf3 Bd7 9. Nbd2 d5 10. c5 Nc8 11. a3 g6 12. b4 a6 13. Bd3 Bg7 14. 0-0 0-0 15. Re1 Re8 16. Nf1 e5 17. dxe5 Bg4 18. Be2 Bf5 19. Ne3 Be4 20. Ng4 N8e7 21. Ng5 Nf5 22. Nf6+ Bxf6 23. exf6 d4 24. Bc4 Ne5 25. Qb3 Nxc4 26. Qxc4 Qd5 27. Qxd5 Bxd5 28. f3 Ne3 29. Bxd4 Nc2 30. Rxe8+ Rxe8 31. Rd1 h6 32. Bf2 Bc6 33. Ne4 Bxe4 34. fxe4 Rxe4 35. Rd7 Nxa3 36. Rxb7 Rc4 37. Bg3 a5 38. bxa5 Rxc5 39. a6 Ra5 40. a7 Kh7 41. Rxf7+ 1-0